| 000 | 00475nam a2200157 4500 | ||
|---|---|---|---|
| 020 | _a970-15-1034-8 | ||
| 050 | _aT56.24 P53 2004 | ||
| 082 | _a670.427.5 P54i 2004 | ||
| 100 | _aPiedrafita Moreno, Ramón | ||
| 245 | _aIngeniería de la automatización industrial / Ramón Piedrafita Moreno | ||
| 250 | _a2 | ||
| 260 | _aMéxico : Alfaomega Ra-Ma. | ||
| 300 | _axxiv, 685p. / 23 cm | ||
| 500 | _aIncluye cd-rom. | ||
| 650 | _a1. INGENIERÍA INDUSTRIAL / 2. AUTOMATIZACIÓN | ||
| 999 |
_c25940 _d25940 |
||